00345nam a2200133Ia 45000010005000000080041000050200022000460820020000681000017000882450046001052600017001519010028001689990015001962487241024s9999 xx 000 0 und d a978-9945-020-57-1 aRD/624.17/T464m aH. Thomasset 0aMemorias, informes y noticias dominicanas bBúhoc2008 a19/9/2012 12:13:08 p.m. c8041d8041